| 000 | 00996nam2a2200229 4500 | ||
|---|---|---|---|
| 001 | rc\2836545 | ||
| 005 | 20260315045553.0 | ||
| 035 | _a(NLR Aleph) 006994286 | ||
| 090 |
_a13573692 _c13573692 |
||
| 100 | _a20110628d1931 u y0rusy50 ca | ||
| 101 | 0 | _arus | |
| 102 | _aRU | ||
| 105 | _ay z ||||| | ||
| 200 | 0 | _aЧ. 2 | |
| 210 | _d1931 | ||
| 215 | _a288 с. | ||
| 461 | 0 |
_1001rc\2836544 _12000#$aУчебник немецкого языка$eДля высш. учеб. заведений и для взрослых ...$fИ. Кордес и А. Несслер$vЧ. 2 _1700#1$aКордес$bИ.Р.$gИван Романович$f1884- _95657222 _aКордес, И.Р. (1884-) _cМосква _d1931 _fИ. Кордес и А. Несслер _nОгиз _oДля высш. учеб. заведений и для взрослых ... _tУчебник немецкого языка _vЧ. 2 |
|
| 801 | 0 |
_aRU _bNLR _gpsbo |
|
| 801 | 1 |
_aRU _bELAR _2rusmarc |
|
| 852 |
_aNLR _j31-18/131(2) |
||
| 942 | _cUNSPEC | ||
| 980 | _aNB | ||